Propuesta de guía para la elaboración de diseños de Redes eficientes y sostenibles bajo las normativas de la distribuidora de electricidad Disnorte-Dissur
Presenta una guía sobre los conocimientos básicos para reallizar diseños de proyectos de redes eficientes y sostenibles. Se enfoca en la disminución de pérdidas no técnicas dado a la peculiar estructura de sus armandos tanto de media tensión como baja tensión.
| Main Authors: | , |
|---|---|
| Other Authors: | |
| Format: | Tesis Section = Libro |
| Language: | Undetermined Spanish |
| Published: |
Managua
UNI
2021
|
| Subjects: |
| LEADER | 01158nam a2200277Ia 4500 | ||
|---|---|---|---|
| 008 | 240830s9999 xx 000 0 und d | ||
| 040 | |a BIBLIOTECA-RUSB/ Mon 621.31 V699 | ||
| 041 | |a spa | ||
| 082 | |a Mon 621.31 V699 | ||
| 100 | 1 | |a Vílchez Reyes, Luis Miguel | |
| 100 | 1 | |b Alemán Urbina, Francisco José | |
| 245 | 1 | 0 | |a Propuesta de guía para la elaboración de diseños de Redes eficientes y sostenibles bajo las normativas de la distribuidora de electricidad Disnorte-Dissur |
| 260 | |a Managua |b UNI |c 2021 | ||
| 300 | |a 93 p. :il. | ||
| 500 | |a Incluye anexos y CD. | ||
| 502 | |a Ingeniero Eléctrico | ||
| 520 | 3 | |a Presenta una guía sobre los conocimientos básicos para reallizar diseños de proyectos de redes eficientes y sostenibles. Se enfoca en la disminución de pérdidas no técnicas dado a la peculiar estructura de sus armandos tanto de media tensión como baja tensión. | |
| 650 | 7 | |a RED DE DISTRIBUCION | |
| 650 | 7 | |b NORMAS DISNORTE- DISSUR | |
| 650 | 7 | |c ENERGIA ELECTRICA | |
| 650 | 7 | |d ENERGIA SOSTENIBLE | |
| 650 | 7 | |e GUIA | |
| 700 | 1 | |a Tutor: |b Arcia, Ramiro | |
| 942 | |c BK |2 ddc | ||
| 991 | |a TESIS | ||
| 999 | |c 22225 | ||